| 000 | 00455cam a2200193ua 4500 | ||
|---|---|---|---|
| 001 | 9293 | ||
| 008 | 150225n xxk |||gr||||Z||||||eng | ||
| 020 | _a0521599350 | ||
| 040 | _cMAIN | ||
| 041 | _aeng | ||
| 082 | _a423 | ||
| 100 |
_aJones, D., _eAuthor. |
||
| 245 | 1 |
_aEnglish pronouncing dictionary _cBy Daniel Jones |
|
| 250 | _a15th. | ||
| 260 |
_aLondon: _bCambridge, _c2002. |
||
| 300 | _axx,558p. | ||
| 653 | _aEnglish dictionaries | ||
| 942 | _cBK | ||
| 999 |
_c8360 _d8360 |
||